[Event "Moscow op-C"]
[Site "Moscow"]
[Date "2011.02.02"]
[Round "5"]
[White "Grinenko, Viktor"]
[Black "Oganisjan, Roman"]
[Result "1/2-1/2"]
[WhiteElo "1981"]
[BlackElo "2293"]
[PlyCount "79"]
[EventDate "2011.01.29"]
[EventType "swiss"]
[EventRounds "9"]
[EventCountry "RUS"]
[SourceTitle "EXT 2012"]
[Source "ChessBase"]
[SourceDate "2011.11.24"]
[SourceVersion "1"]
[SourceVersionDate "2011.11.24"]
[SourceQuality "1"]

1. d4 Nf6 2. Nf3 e6 3. g3 c5 4. c3 d5 5. Bg2 Nc6 6. 0-0 Bd6 7. Bf4 0-0 8. Nbd2 Re8 9. Bg5 h6 10. Bxf6 Qxf6 11. e4 cxd4 12. cxd4 Nxd4 13. Nxd4 Qxd4 14. exd5 exd5 15. Nb3 Qxb2 16. Qxd5 Qf6 17. Rad1 Bf8 18. Qb5 Re5 19. Rd5 Rxd5 20. Qxd5 Rb8 21. Nc5 Qd6 22. Rc1 b6 23. Qxd6 Bxd6 24. Ne4 Be5 25. Rd1 Be6 26. f4 Bc7 27. Nc3 b5 28. Be4 g6 29. Nd5 Bb6+ 30. Kg2 Rd8 31. g4 Bxg4 32. Nf6+ Kg7 33. Rxd8 Bxd8 34. Nxg4 f5 35. Bd3 fxg4 36. Bxb5 Bc7 37. Bd7 h5 38. f5 gxf5 39. Bxf5 Kf6 40. Bd3 1/2-1/2

[Event "Moscow op-C"]
[Site "Moscow"]
[Date "2011.02.01"]
[Round "4"]
[White "Vorobjev, Dmitry"]
[Black "Grinenko, Viktor"]
[Result "0-1"]
[WhiteElo "2154"]
[BlackElo "1981"]
[PlyCount "72"]
[EventDate "2011.01.29"]
[EventType "swiss"]
[EventRounds "9"]
[EventCountry "RUS"]
[SourceTitle "EXT 2012"]
[Source "ChessBase"]
[SourceDate "2011.11.24"]
[SourceVersion "1"]
[SourceVersionDate "2011.11.24"]
[SourceQuality "1"]

1. e4 e5 2. Nf3 Nc6 3. Bb5 Nf6 4. d3 Bc5 5. c3 Qe7 6. 0-0 0-0 7. Nbd2 a6 8. Ba4 b5 9. Bc2 Bb7 10. Re1 Bb6 11. Nf1 Rfe8 12. Ng3 d6 13. Nf5 Qd7 14. Qd2 Nh5 15. Qg5 g6 16. Bb3 Nd8 17. g4 Ng7 18. Nh6+ Kf8 19. Qh4 Nde6 20. Bg5 c5 21. Bf6 Bd8 22. g5 Nh5 23. a4 c4 24. dxc4 Bb6 25. a5 Bc5 26. cxb5 Nef4 27. Ng4 Qxb5 28. Nd2 Ne2+ 29. Kh1 Qd3 30. Rxe2 Qxe2 31. Rd1 Bxe4+ 32. Nxe4 Qxe4+ 33. Kg1 Rab8 34. Bxf7 Rxb2 35. Bd5 Bxf2+ 36. Kf1 Qe2+ 0-1

[Event "Moscow-chT U26 final"]
[Site "Moscow"]
[Date "2010.11.30"]
[Round "9"]
[White "Grinenko, Viktor"]
[Black "Lagashin, Pavel"]
[Result "1-0"]
[WhiteElo "1959"]
[BlackElo "2111"]
[PlyCount "51"]
[EventDate "2010.11.07"]
[EventType "team-tourn"]
[EventRounds "9"]
[EventCountry "RUS"]
[SourceTitle "EXT 2012"]
[Source "ChessBase"]
[SourceDate "2011.11.24"]
[SourceVersion "1"]
[SourceVersionDate "2011.11.24"]
[SourceQuality "1"]

1. Nf3 c5 2. e3 g6 3. d4 Bg7 4. Bd3 d5 5. c4 dxc4 6. Bxc4 Nc6 7. 0-0 cxd4 8. exd4 Nxd4 9. Nxd4 Qxd4 10. Qb3 e6 11. Rd1 Qc5 12. Be3 Qc7 13. Bb5+ Kf8 14. Na3 Bf6 15. Rac1 Qe5 16. Nc4 Qh5 17. Nd6 Ne7 18. Ne4 Kg7 19. Nxf6 Kxf6 20. Rc5 e5 21. Rxe5 Qxe5 22. Bd4 Qxd4 23. Rxd4 Be6 24. Qc3 Rhc8 25. Rf4+ Kg5 26. Qf6+ 1-0

[Event "Moscow op-B"]
[Site "Moscow"]
[Date "2009.11.20"]
[Round "1"]
[White "Musaev, Mansur"]
[Black "Grinenko, Viktor"]
[Result "1/2-1/2"]
[WhiteElo "2266"]
[BlackElo "1994"]
[PlyCount "86"]
[EventDate "2009.01.31"]
[EventType "swiss"]
[EventRounds "9"]
[EventCountry "RUS"]
[SourceTitle "EXT 2012"]
[Source "ChessBase"]
[SourceDate "2011.11.24"]
[SourceVersion "1"]
[SourceVersionDate "2011.11.24"]
[SourceQuality "1"]

1. e4 e6 2. d4 d5 3. Nc3 Nf6 4. e5 Nfd7 5. f4 c5 6. Nf3 Nc6 7. Be3 Qb6 8. Na4 Qa5+ 9. c3 c4 10. b4 Qc7 11. g3 b6 12. Bh3 a5 13. a3 axb4 14. axb4 b5 15. Nb2 Rxa1 16. Qxa1 Bxb4 17. cxb4 Nxb4 18. 0-0 Nc2 19. Qc1 Nxe3 20. Qxe3 Nb8 21. g4 h5 22. Ng5 hxg4 23. Bxg4 g6 24. Be2 Qa7 25. Nf3 Nc6 26. Rc1 Ne7 27. Qc3 Bd7 28. Nd1 Bc6 29. Ne3 Nf5 30. Nxf5 gxf5 31. Ra1 Qe7 32. Rb1 Rg8+ 33. Kf2 Kd7 34. Qb4 Qxb4 35. Rxb4 Ra8 36. Rb1 Rb8 37. Rb4 Kc7 38. h4 Kb6 39. Ke3 Ka5 40. Rb1 b4 41. Nd2 b3 42. h5 Ba4 43. h6 Rh8 1/2-1/2

[Event "Moscow op-B 04th"]
[Site "Moscow"]
[Date "2008.02.09"]
[Round "8"]
[White "Galynin, Dmitri"]
[Black "Grinenko, Viktor"]
[Result "1/2-1/2"]
[WhiteElo "2078"]
[BlackElo "1931"]
[PlyCount "66"]
[EventDate "2008.02.02"]
[EventType "swiss"]
[EventRounds "9"]
[EventCountry "RUS"]
[SourceTitle "CBM 122 Extra"]
[Source "ChessBase"]
[SourceDate "2008.03.04"]
[SourceVersion "1"]
[SourceVersionDate "2008.03.04"]
[SourceQuality "1"]

1. c4 c6 2. Nc3 d5 3. cxd5 cxd5 4. d4 Nf6 5. Nf3 e6 6. Bf4 Bd6 7. Bg5 a6 8. a4 Nc6 9. e3 h6 10. Bh4 Bd7 11. Be2 Rc8 12. 0-0 0-0 13. Rc1 Be7 14. h3 Ne4 15. Bxe7 Nxc3 16. Rxc3 Nxe7 17. Rxc8 Nxc8 18. Qc2 Nd6 19. Ne5 Ne4 20. Rc1 Be8 21. Bd3 f6 22. Bxe4 fxe5 23. Bh7+ Kh8 24. dxe5 Bxa4 25. Qxa4 Kxh7 26. Qc2+ Kg8 27. Qc5 Qd7 28. b4 Rf7 29. f4 Rf8 30. Kf2 Rd8 31. Kf3 Qf7 32. g4 g5 33. Kg3 d4 1/2-1/2

[Event "Moscow op-B 04th"]
[Site "Moscow"]
[Date "2008.02.08"]
[Round "7"]
[White "Grinenko, Viktor"]
[Black "Dzyuba, Alexander"]
[Result "0-1"]
[WhiteElo "1931"]
[BlackElo "2125"]
[PlyCount "90"]
[EventDate "2008.02.02"]
[EventType "swiss"]
[EventRounds "9"]
[EventCountry "RUS"]
[SourceTitle "CBM 122 Extra"]
[Source "ChessBase"]
[SourceDate "2008.03.04"]
[SourceVersion "1"]
[SourceVersionDate "2008.03.04"]
[SourceQuality "1"]

1. d4 Nf6 2. c4 e6 3. Nf3 b6 4. Nc3 Bb7 5. Bg5 Be7 6. e3 0-0 7. Bd3 d5 8. Bxf6 Bxf6 9. cxd5 exd5 10. Qc2 h6 11. 0-0 c5 12. b3 Nc6 13. Rad1 Rc8 14. Bf5 Rc7 15. Qd2 Ne7 16. Bb1 Qd7 17. Rc1 Nf5 18. Rfd1 Rd8 19. Bxf5 Qxf5 20. Nb5 Rcc8 21. Nxa7 Ra8 22. Nb5 Ra5 23. Nc3 c4 24. Rb1 Ra6 25. Rb2 Bc6 26. b4 Ra3 27. b5 Bd7 28. Ne1 Qh5 29. Rc1 Bf5 30. Nc2 Bxc2 31. Qxc2 Be7 32. Nxd5 Qxd5 33. Qxc4 Ra5 34. Qc6 Ba3 35. Qxd5 Rxd5 36. Rc8+ Kh7 37. Rbc2 Rdxb5 38. Kf1 Rb2 39. Ke2 Rxc2+ 40. Rxc2 b5 41. d5 Bd6 42. h3 b4 43. e4 Ra3 44. Rc6 Rxa2+ 45. Kf3 Be5 0-1

[Event "Moscow op-B 04th"]
[Site "Moscow"]
[Date "2008.02.05"]
[Round "4"]
[White "Lanin, Boris Aleksandrovic"]
[Black "Grinenko, Viktor"]
[Result "1/2-1/2"]
[WhiteElo "2154"]
[BlackElo "1931"]
[PlyCount "94"]
[EventDate "2008.02.02"]
[EventType "swiss"]
[EventRounds "9"]
[EventCountry "RUS"]
[SourceTitle "CBM 122 Extra"]
[Source "ChessBase"]
[SourceDate "2008.03.04"]
[SourceVersion "1"]
[SourceVersionDate "2008.03.04"]
[SourceQuality "1"]

1. d4 d5 2. Nf3 Nf6 3. e3 Bf5 4. Bd3 Bxd3 5. cxd3 c6 6. Nc3 e6 7. e4 dxe4 8. dxe4 Nbd7 9. 0-0 Be7 10. e5 Nd5 11. Re1 N7b6 12. Ne4 h6 13. h3 a5 14. a3 a4 15. Qe2 Nd7 16. Nc3 g5 17. Ne4 Qb6 18. Nd6+ Bxd6 19. exd6 c5 20. dxc5 Qxc5 21. Bd2 Qxd6 22. Red1 Qa6 23. Qe4 0-0-0 24. Bc3 Nxc3 25. Rac1 Kb8 26. Rxc3 Rc8 27. Rdc1 Qb5 28. Qc2 Nb6 29. Rc7 f6 30. Rxc8+ Rxc8 31. Qd2 Rxc1+ 32. Qxc1 e5 33. Qc2 Nc4 34. Qd3 Qb3 35. Qd8+ Ka7 36. Qd5 Nb6 37. Qa5+ Kb8 38. Qd2 Kc7 39. Kh2 Nc4 40. Qd5 Nxb2 41. Qc5+ Kb8 42. Nd2 Qe6 43. Ne4 Nd3 44. Qa5 Qd7 45. Nxf6 Qc7 46. Qxa4 e4+ 47. g3 Nxf2 1/2-1/2